Czy znasz nicki polskich streamerów - Statystyki

Ogólne statystyki
  • Ten quiz został rozwiązany 2 186 razy
  • Średni wynik to 14 z 33
Statystyki odpowiedzi
Podpowiedź Streamerzy % Poprawnych
Rucha na hajs dzieci / Komentowanie CS:GO / Wąs Izak
94%
Przestał streamować bo za dużo hajsu ma i mu się znudziło mówi że zaraz wróci, a nie wraca / Człowiek z depresją Xayoo
83%
Ork / Uciekł z twitcha bo go nie lubili Dis
82%
Dredziarz / Brudas Nervarien
78%
Nigdy nie pokazał twarzy / Gra w fortnite / Kolega ruchacza na hajs dzieci Ewroon
69%
Profesjonalny jungler / Gra na MSI 2019 Jankos
65%
Truskawkowy baron z Bełcza Górnego / Jeden z braci Golem Arquel
64%
Jeden ze starszych użytkowników Szczur.TV / Ma syna Mikołaja, który lubi pociągi Rock
63%
Najlepszy polski awuper / "You are not my friend you are my brother my friend" Pasza
61%
Przydupas tego co rucha dzieci na hajs / Czyś Czyś leh
60%
Człowiek jeden z lepszych jeśli chodzi o komedie / Loża szyderców Fame MMA Paris
58%
Duży nos nie umie mówić R Kubon
56%
Polski Niemiec / zawojował swego czasu LCS Overpow
55%
Jeden z braci Golem / Best Jungler in the world Gucio
53%
Kiedyś jedna z lepszych dup grających w gry, ale teraz wybrała karierę modową / ma chłopaka beatboxera Mamiko
53%
Znany z tego że prowadził kiedyś kanał inetkox / MVP Asus ROG ! Saju
49%
Support z IHG Delord
39%
Niegdyś grał w półfinale wielkiego szlema w tenisie potem zaczął grać w csa z Izakiem i teraz niby wrócił do tenisa ale bez większych sukcesów janowicz
36%
Gra Vladimirem / Nosi kapelusz ze słomy randombruce
34%
ADC teamu skała / Burek NZQ
29%
Lizał Psa Netrodal
27%
Szukanie dymów po Krakowie / Streamy z "Pola" Pajalockk
27%
Gra w karty / Nosi kapelusz jak JJoker Blackfireice
24%
Łysy z CS:GO Morgen
21%
Kiedyś MinecraftPL teraz streamuje dla 20 widzów i ma ponad 200000 subów na yt CTSG
19%
Reager z karcianki Nilatarion
18%
Kumplował się z Orkiem, ale ten wybił się na nim i go opluł / Midlaner Snoower
17%
Marna kopia chłopaka z depresją Spartiatix
16%
Znana z tego, że zdradziła chłopaka z orkiem Aellinis
15%
16 latek z Gorlic Fx Imba
15%
Niegdyś jeden z najlepszych junglerów w Polsce / Zrobił 3 itemy przez 45 minut gierki na bardzo ważnym turnieju dla IHG Tabasko
14%
Kiedyś grał w gambitach teraz szkaluje papieża i wszystko co może Niq
10%
Marzy o grze w LEC, ale nigdy się nie dostanie / Niegdyś grał z innymi polskimi streamerami, ale oni go opluli bubnik2
8%
Nie znaleziono quizów pasujących do podanych kryteriów
Rozkład punktacji
Procent ludzi z każdym wynikiem
Percentyl według liczby udzielonych odpowiedzi
Twoja historia wyników
Nie rozwiązałeś tego quizu